00602nam a22001457a 4500082002400000110005000024245012200074260006700196300001900263526003700282650001300319942001200332999001900344952009300363 a624bAPPc39, P-188 aAmerican Society Of Civil Engineering.938079 aApplied techniques for cold environmentsbproceeding of the conference vol-IIcAmerican Society Of Civil Engineering. aNew York :bThe Canadian Society for Civil Engineering,c1978. a1167 p. :bill a0b0c0d624_000000000000000_APP aMCE9379 2ddccBK c542754d542754 00102ddc4070aMCEbMCEd2014-02-17l0o624 APPpMCE-43508r2014-02-17w2014-02-17yBK